| 000 | 01411cam a2200313 a 4500 | ||
|---|---|---|---|
| 999 |
_c128107 _d128107 |
||
| 001 | 12265815 | ||
| 003 | ARRUPE | ||
| 005 | 20180906100046.0 | ||
| 008 | 001226s2001 nyu b 001 0 eng | ||
| 010 | _a 00054869 | ||
| 020 | _a0415250102 | ||
| 020 | _a0415250110 (pbk.) | ||
| 040 |
_aDLC _cDLC _dDLC |
||
| 050 | 0 | 0 |
_aB1334 _b.F64 2001 |
| 082 | 0 | 0 |
_a121 _221 |
| 100 | 1 |
_aFogelin, Robert J. _912843 |
|
| 245 | 1 | 0 |
_aRoutledge philosophy guidebook to Berkeley and the Principles of human knowledge / _cRobert J. Fogelin. |
| 246 | 3 | 0 | _aBerkeley and the principles of human knowledge |
| 260 |
_aNew York : _bRoutledge, _c2001. |
||
| 300 |
_ax, 166 p. ; _c21 cm. |
||
| 440 | 0 |
_aRoutledge philosophy guidebooks _942003 |
|
| 504 | _aIncludes bibliographical references (p. 151-159) and index. | ||
| 600 | 1 | 0 |
_aBerkeley, George, _d1685-1753. _tTreatise concerning the principles of human knowledge. _942004 |
| 650 | 0 |
_aKnowledge, Theory of. _942005 |
|
| 650 | 0 |
_aIdealism. _942006 |
|
| 856 | 4 | 1 |
_3Table of contents only _uhttp://www.loc.gov/catdir/toc/fy0609/00054869.html |
| 856 | 4 | 2 |
_3Publisher description _uhttp://www.loc.gov/catdir/enhancements/fy0650/00054869-d.html |
| 906 |
_a7 _bcbc _corignew _d1 _eocip _f20 _gy-gencatlg |
||
| 942 |
_2lcc _cMONOGRAPH |
||